000 00604nam a2200193 a 4500
001 000010696
005 20240412074220.0
008 091009s1997 dr a r 000 p spa d
040 _aDO-SdBNP
_bspa
_cBNPHU
082 _aRD861.44
_bM632du
100 1 _aMieses, Juan Carlos,
_d1947-
_925472
245 1 0 _aDulce et decorum est ... /
_cJuan Carlos Mieses.
260 _aSanto Domingo :
_bCODEX,
_c1997.
300 _a59 p. :
_bil. ;
_c21 cm.
590 _aInventariado, 2018/BT
650 0 _aPoesía dominicana
_966
650 0 _aLiteratura dominicana.
_967
910 _aValidado. Control de calidad. MMOLINA
999 _c10451
_d10451